Ewige Tabelle der österreichischen Bundesliga - Statistiken

Allgemein
  • Dieses Quiz wurde 43 mal gespielt
  • Das Durchschnittsergebnis liegt bei 27 aus 80
Antwortstatistiken
Platz Team Punkte % Korrekt
2. FK Austria Wien 5.391
90%
1. SK Rapid Wien 5.747
90%
3. FC Red Bull Salzburg 3.014
87%
18. FC Wien 736
85%
4. SK Sturm Graz 3.003
79%
55. FC Blau-Weiß Linz 42
77%
11. Admira Wacker 1.763
74%
29. ASV Hertha Wien 317
72%
62. Post SV Wien 28
72%
60. SC Austro Fiat Wien 29
72%
25. SC Hakoah Wien 395
72%
47. SC Libertas Wien 110
72%
56. SC Olympia Wien 38
72%
67. SCR Hochstädt Wien 23
72%
8. LASK 2.205
69%
68. ESV Austria Graz 22
67%
7. FC Wacker Innsbruck 2.318
67%
15. FC Linz 959
64%
46 SV Franckviertel Linz 119
64%
21. Wolfsberger AC 471
64%
9. Grazer AK 2.095
59%
39. TSV Hartberg 180
56%
49. SK Austria Klagenfurt 80
54%
16. SC Ried 956
51%
31. LASK Amateure OÖ 282
49%
32. SKN St. Pölten 282
49%
34. WSG Tirol 244
49%
27. Schwarz-Weiß Bregenz 387
46%
22. SCR Altach 448
46%
6. First Vienna FC 2.519
44%
52. Grazer SC Straßenbahn 51
44%
13. Wiener AC 1.131
44%
12. SC Wacker Wien 1.657
41%
10. SK Admira Wien 1.783
38%
80. Vienna Cricket and Football Cub 2
36%
53. FC Dornbirn 51
33%
14. Floridsdorfer AC 1.009
33%
20. SC Mattersburg 589
33%
44. SV Grödig 126
33%
45. SC Austria Lustenau 123
31%
79. ESV Haidbrunn-Wacker Wiener Neustadt 6
28%
74. SV Admira Wiener Neustadt 15
28%
23. SV Kapfenberg 415
28%
24. SC Eisenstadt/Siegendorf 410
26%
33. SK Vorwärts Steyr 278
26%
30. DSV Leoben 283
23%
78. SK Amateure Steyr 6
23%
19. FC Kärnten 675
21%
59. SC Neusiedl/See 33
21%
48. SK Austria Kärnten 89
21%
54. Union Wels 44
18%
42. VfB Mödling 133
18%
17. 1. Simmeringer SC 949
10%
40. Kremser SC 174
10%
71. SV Donau 20
10%
41. Favoritner AC 136
8%
73. Favoritner SC 17
8%
58. SV Spittal/Drau 33
8%
77. SK Bischofshofen 9
5%
36. SV Schwechat 213
5%
61. SV St. Veit 28
5%
5. Wiener SC 2.658
5%
65. FC Rätia Bludenz 24
3%
69. Salzburger AK 1914 22
3%
63. SV Dinamo Helfort 15 26
3%
75. SV Gloggnitz 15
3%
35. 1. Fortuna Wiener Neustädter SC 234
0%
37. 1. Wiener Neustädter SC 206
0%
57. FC Ostmark 34
0%
51. FC Stadlau 60
0%
76. FS Elektra 10
0%
72. KSV Ankerbrot 18
0%
70. LSV Markersdorf 21
0%
43. SC Brigittenau 132
0%
66. SC Ostbahn XI 24
0%
64. SC Rapid Oberlaa 26
0%
38. SK Slovan HAC 184
0%
28. SpC Rudolfshügel 356
0%
26. WAF Brigittenau 391
0%
50. WSG Radenthein 69
0%
Keine übereinstimmenden Quizze gefunden
Verteilung der Resultate
Anzahl Personen mit jedem Resultat
Perzentil nach korrekt beantworteten Fragen
Ihre Resultats-Entwicklung
Sie haben dieses Quiz noch nicht gespielt